Normale Ansicht MARC-Ansicht ISBD

Kladbišče socgorodov : (Titelsatznr. 16659)

[ MARC ]
MARC-Details
000 -Satzkennung
Kontrollfeld mit fester Länge 00748nam a22002651c 4500
001 - Kontrollnummer
Kontrollfeld a987675549
008 - Feld mit fester Länge zur physischen Beschreibung - Allgemeine Angaben
Kontrollfeld mit fester Länge 160208s2011 gw |||| 000u rus d
020 ## - Internationale Standardbuchnummer
Internationale Standardbuchnummer 97858224315189
Verknüpfung 978-5-82243-1518-9
040 ## - Katalogisierungsquelle
Übertragungsstelle RU-10907106
003 - Kontrollnummer Identifier
Kontrollfeld RU-10907106
100 1# - Haupteintragung - Personenname
Personenname Meerovič, Mark G.
245 00 - Titel
Titel Kladbišče socgorodov :
Zusatz zum Titel gradostroitel'naja politika v SSSR 1928-1932 gg.
264 ## - Produktion, Veröffentlichung, Distribution, Herstellung und Urheberrechtsvermerk
Herstellungs-, Veröffentlichungs- Vertriebs-, Erzeugungsort Moskva :
Produzent, Herausgeber, Distributor, Hersteller ROSSPEN,
Datum der Herstellung, der Veröffentlichung, des Vertriebs oder des Urheberschutzvermerks 2011
300 ## - Physische Beschreibung
Umfang 268 S.
490 #0 - Gesamttitelangabe
Gesamttitelangabe Istorija stalinizma
650 #0 - Nebeneintragung unter einem Schlagwort - Sachschlagwort
Sachschlagwort oder geografischer Name als Eintragungselement Stadtplanung
650 #0 - Nebeneintragung unter einem Schlagwort - Sachschlagwort
Sachschlagwort oder geografischer Name als Eintragungselement Stadtgestaltung
650 #0 - Nebeneintragung unter einem Schlagwort - Sachschlagwort
Sachschlagwort oder geografischer Name als Eintragungselement Urbanisierung
650 #0 - Nebeneintragung unter einem Schlagwort - Sachschlagwort
Sachschlagwort oder geografischer Name als Eintragungselement Städtebau
650 #0 - Nebeneintragung unter einem Schlagwort - Sachschlagwort
Sachschlagwort oder geografischer Name als Eintragungselement
651 #0 - Nebeneintragung unter einem Schlagwort - Geografischer Name
Geografischer Name Sowjetunion
700 1# - Nebeneintragung - Personenname
Personenname Konyševa, Evgenija V.
Funktionsbezeichnung VerfasserIn
700 1# - Nebeneintragung - Personenname
Personenname Chmel'nickij, Dmitrij S.
Funktionsbezeichnung VerfasserIn
942 ## - Zusätzliche Felder (Koha)
Koha-Medientyp Monographien
Exemplare
Ausgeschieden Verloren Klassifikation oder Aufstellungssystematik Beschädigt Nicht entleihbar Heimatbibliothek Aufenthaltsbibliothek Aufstellungsort Erwerbungsdatum Inventarnummer Signatur Barcode Letzte Aktivität Preis gültig von Koha-Medientyp
    Andere/Generische Klassifikation     MWN Osteuropa MWN Osteuropa Magazin - 2 08/02/2016 16-00331 Ersatzß R 62 f Mee E004015079083801 23/04/2020 22/03/2021 Monographien